000 00508nam a2200157 i 4500
001 92957
003 ES-MaACL
005 20230906181108.0
007 t|
008 050406q1948 sp ||||1| spa d
100 1 _aLockhart, R. Bruce.
_973050
245 1 0 _aMemorias de un agente británico en Rusia... durante los años críticos de la revolución bolchevique /
_cpor R. Bruce Lockhart.
260 _a[Madrid :
_bPegaso,
_c1948?]
300 _a470 p., 5 h. ;
_c20 cm.
852 _aES-MaACL
_jC-5594
_bR.25943
999 _c92957
_d92957